00621nam a2200145Ia 4500008004100000082001700041100004900058245012600107260006300233300001000296440002800306650002800334952009600362999001700458120622s9999 xx 000 0 und d a338.542 K82c aKondrátiev, Nikolai Dmitrievich, 1892-1938 aLos ciclos largos de la coyuntura económica / Nikolai Dmitrievich Kondrátiev ; tr. e intr. de Luis Sandoval Ramírez aMéxico : UNAM. Instituto de Investigaciones Económicas a86 p. aCuadernos de economía a1. CICLOS ECONOMICOSÌ 00102lcc4070a22b22d2007-01-25l0o338.542 K82Cp01 003063r2023-07-20w2012-06-24yLB c57698d57698